Point-Scoring F1 Drivers (1981-1990) - Statistics

General Stats
  • This quiz has been taken 68 times
  • The average score is 30 of 61
Answer Stats
Total Points Driver Nat. Team(s) % Correct
391 Ayrton Senna BRA Toleman / Lotus / McLaren
98%
630.5 Alain Prost FRA Renault / McLaren / Ferrari
96%
287 Nigel Mansell GBR Lotus / Williams / Ferrari
96%
128 Niki Lauda AUT McLaren
96%
398 Nelson Piquet BRA Brabham / Williams / Lotus / Bennetton
94%
131 Riccardo Patrese ITA Arrows / Brabham / Alfa Romeo / Brabham / Williams
86%
161 Gerhard Berger AUT Arrows / Bennetton / Ferrari / McLaren
84%
153.5 Keke Rosberg FIN Williams / McLaren
84%
50 Alan Jones AUS Williams / Lola
80%
31 Gilles Villeneuve CAN Ferrari
76%
55 Carlos Reutemann ARG Williams
75%
135 Rene Arnoux FRA Renault / Ferrari / Ligier
75%
130 Thierry Boutsen BEL Arrows / Bennetton / Williams
75%
179.5 Michele Alboreto ITA Tyrrell / Ferrari / Lola
73%
48 Didier Pironi FRA Ferrari
69%
2 Emanuele Pirro ITA Bennetton
69%
7 Mario Andretti USA Alfa Romeo / Ferrari
69%
106 Elio de Angelis ITA Lotus
63%
95 Jacques Laffite FRA Ligier / Williams / Ligier
63%
65 Alessandro Nannini ITA Bennetton
61%
38 Andrea de Cesaris ITA McLaren / Alfa Romeo / Ligier / Brabham / Rial / Dallara
61%
14 Martin Brundle GBR Tyrrell / Zakspeed / Brabham
61%
88 Stefan Johansson SWE Toleman / Ferrari / McLaren / Onyx
61%
88 John Watson GBR McLaren
57%
70 Eddie Cheever USA Tyrrell / Ligier / Renault / Alfa Romeo / Arrows
55%
21 Jean Alesi FRA Tyrrell
53%
90 Patrick Tambay FRA Ligier / Ferrari / Renault / Lola
53%
14 Saturo Nakajima JPN Lotus / Tyrrell
51%
8 Derek Daly IRL Williams
49%
67 Derek Warwick GBR Toleman / Renault / Arrows / Lotus
47%
1 Luis Perez-Sala ESP Minardi
47%
27 Ivan Capelli ITA Tyrrell / March / Leyton House
45%
7 Roberto Moreno BRA AGS / Bennetton
43%
10 Mauricio Gugelmin BRA March / Leyton House
41%
6 Pierluigi Martini ITA Minardi
41%
23 Teo Fabi ITA Brabham / Bennetton
41%
6 Aguri Suzuki JPN Lola
39%
1 Johnny Cecotto VEN Theodore
37%
17 Marc Surer SUI Theodore / Arrows / Brabham
37%
3 Eliseo Salazar CHI Ensign / ATS
35%
3 Jean-Pierre Jarier FRA Osella
35%
5 Johnny Herbert GBR Tyrrell
33%
6 Stefano Modena ITA Brabham
31%
10 Bruno Giacomelli ITA Alfa Romeo / Toleman
29%
5 Philippe Alliot FRA Ligier / Lola
29%
11 Philippe Streiff FRA Ligier / Tyrrell
27%
4 Stefan Bellof GER Tyrrell
27%
4 Christian Danner GER Arrows / Rial
25%
3 Johnny Dumfries GBR Lotus
25%
14 Jonathan Palmer GBR Tyrrell
25%
2 Manfred Winkelhock GER ATS
25%
5 Éric Bernard FRA Lola
24%
2 Piercarlo Ghinzani ITA Osella
24%
6 Alex Caffi ITA Dallara / Arrows
22%
1 Slim Borgudd SWE ATS
20%
1 Chico Serra BRA Fittipaldi
18%
1 Gabriele Tarquini ITA AGS
14%
2 Danny Sullivan USA Tyrrell
12%
5 Mauro Baldi ITA Arrows / Alfa Romeo
10%
11 Hector Rabaque MEX Brabham
8%
1 Olivier Grouillard FRA Ligier
8%
No matching quizzes found
Score Distribution
Percent of People with Each Score
Percentile by Number Answered
Your Score History
You have not taken this quiz